000 00719nam a2200205Ia 4500
003 GCL
005 20240530095050.0
008 140319s9999 xx 000 0 ara d
020 _a9773272532
040 _aGCL /
_cGCL
082 0 4 _a709.1
_bق/ع ف
100 1 _aعبدالناصر ياسين
245 1 0 _aالفنون الزخرفية الاسلامية بمصر فى العصر الايوبى /
_cعبدالناصر ياسين
260 _aالقاهرة :
_bدار الوفاء لدنيا الطباعة والنشر ،
_c2002
300 _a570 ص ؛
_c24 سم
650 0 4 _aالفن الزخرفى
650 0 4 _aالفن الاسلامى
650 0 4 _aالزخرفة الاسلامية
942 _2ddc
_cBK
999 _c3784
_d3784